| 000 | 00456nam a22001817a 4500 | ||
|---|---|---|---|
| 003 | LK-CoMWRAF | ||
| 005 | 20231014172548.0 | ||
| 008 | 231014b |||||||| |||| 00| 0 eng d | ||
| 040 |
_aLK-CoMWRAF _dLK-CoMWRAF _eLK-CoMWRAF |
||
| 041 | _aeng | ||
| 082 |
_a823 _bMIT |
||
| 100 | _aMitchell, Margaret | ||
| 245 | _aGone with the wind | ||
| 260 |
_aSydney : _bPan Books, _c1974. |
||
| 300 | _a1011 p. ; 18 cm. | ||
| 650 | _aEnglish Fiction | ||
| 942 | _cBK | ||
| 999 |
_c3862 _d3862 |
||